| 000 | 00644nam a22002177a 4500 | ||
|---|---|---|---|
| 008 | 190315b xxu||||| |||| 00| 0 eng d | ||
| 020 | _a978-81-896-4312-6 | ||
| 082 |
_a820.9 _bC245r |
||
| 100 | _aCarter, Ronald | ||
| 245 | _aThe Routledge history of literature in English; Britain and Ireland.- | ||
| 250 | _a2nd ed. | ||
| 260 |
_aLondon: _bRoutledge Tayler and Francis Group, _c2013 |
||
| 300 | _bxix, 570p.; illus. | ||
| 504 | _aBibliography: p. 548-557 | ||
| 650 | _aEnglish literature | ||
| 650 | _aEnglish language | ||
| 650 | _aLiterary history | ||
| 650 | _aLiterary criticism | ||
| 700 | _aMcRae, John | ||
| 942 |
_2ddc _cGEN |
||
| 999 |
_c84379 _d84368 |
||